Grandes noticias: 1939-1950. La Segunda Guerra Mundial y sus consecuencias

Salvato in:
Dettagli Bibliografici
Autore principale: Luigi, María Angélica de (autora)
Natura: Libro
Lingua:spagnolo
Pubblicazione: Santiago El Mercurio SAP 1985
Edizione:1a. ed
Serie:Siglo XX en El Mercurio
Soggetti:
Tags: Aggiungi Tag
Nessun Tag, puoi essere il primo ad aggiungerne!!

MARC

LEADER 00000cam a2200000 a 4500
001 UCD0127
003 CL-VaPUC
008 151120e19850000cl |||||||||||||||||spa|d
082 0 4 |a 940.53  |b LUI  |2 21 
100 |a Luigi, María Angélica de  |e autora  |9 583136 
245 1 0 |a Grandes noticias: 1939-1950. La Segunda Guerra Mundial y sus consecuencias 
250 |a 1a. ed 
300 |a 125 p 
942 |c BK 
945 |d 20151120 13:39:00  |a dcastane 
260 |a Santiago  |b El Mercurio SAP  |c 1985 
650 0 |a Segunda Guerra Mundial  |9 325982 
650 0 |a Noticias   |9 332257 
650 7 |a HISTORIA DEL SIGLO 20  |2 CL-VaPUC  |9 534281 
583 |a last modification  |c 20151120 13:39:00  |k Rodrigo Vera 
490 0 |a Siglo XX en El Mercurio 
999 |c 361748  |d 361746 
952 |0 0  |1 0  |3 erb  |4 0  |6 940_530000000000000_LUI_1985  |7 0  |8 ?  |9 472395  |a FDOBUD  |b FDOBUD  |i 521016K  |o 940.53 LUI 1985  |p 521016K  |r 2019-11-24  |w 2019-11-24  |y BK  |z Catalogado en:20151120  |k BUD